000 00616nam a22001937a 4500
005 20140812113858.0
010 _aENG-110442
020 _a9788181930743
_c350.00
035 _aEN-93974
037 _bDBAD/PUB
082 _a155.9042085
100 _aDeater-Deckard, Kirby
245 _aParenting stress /
_cby Kirby Deater- Deckard
260 _aDelhi
_bByword Books
_c2011
270 _aGF-15, Virat Bhawan, Mukherjee Nagar Commercial Complex
_bDelhi
_e110009
300 _axi,208p.
_c23cm(pbk)
500 _aIncludes bibliographical references and index
942 _2ddc
_cEN
_mDEA
_h155.9042085
999 _c86714
_d86714